| 000 | 01100cam a2200289 i 4500 | ||
|---|---|---|---|
| 005 | 20251111102446.0 | ||
| 008 | 250721s2007 ua gr 000 0 ara d | ||
| 020 | _a9773457427 | ||
| 041 | 1 |
_aara _heng |
|
| 082 | 1 | 4 |
_a158 _bم و د |
| 100 | 1 |
_aمود، فيكي _eمؤلف. |
|
| 245 | 1 | 2 |
_aالضغط العصبي والاكتئاب عند الأطفال و المراهقين / _cتأليف فيكي مود ؛ إعدغد قسم الترجمة بدار الفاروق. |
| 246 | 1 | 1 | _aSTRESS AND DEPRESSION IN CHILDREN AND TEENAGERS |
| 250 | _aالطبعة الثانية. | ||
| 264 | 3 | 1 |
_aالقاهرة : _bدار الفاروق للنشروالتوزيع، _c2007. |
| 300 | _a128 صفحة. | ||
| 490 | 0 | _aالصحة النفسية. | |
| 650 | 1 | 7 | _aالصحة النفسية. |
| 650 | 1 | 7 | _aالكآبة. |
| 650 | 1 | 7 | _aالاطفال. |
| 650 | 1 | 7 | _aعلم النفس. |
| 650 | 1 | 7 | _aالمراهقون. |
| 653 | _aالضغط العصبي. | ||
| 710 | 2 |
_aدار الفاروق. _bقسم الترجمة _eمترجم. |
|
| 942 |
_2ddc _cBK |
||
| 999 |
_c121800 _d121800 |
||